Normal view
MARC view
Entry Personal Name
001 - CONTROL NUMBER
- control field: 15625
003 - CONTROL NUMBER IDENTIFIER
- control field: ARRUPE
005 - DATE AND TIME OF LATEST TRANSACTION
- control field: 20150227164216.0
008 - FIXED-LENGTH DATA ELEMENTS
- fixed length control field: 150227|| aca||aabn | a|a d
040 ## - CATALOGING SOURCE
- Original cataloging agency: ARRUPE
- Transcribing agency: ARRUPE
100 ## - HEADING--PERSONAL NAME
- Personal name: Regan, Jane E.
670 ## - SOURCE DATA FOUND
- Source citation: Work cat.: (ARRUPE)0: Regan, Jane E. 15624, Exploring the Catechism /, c1995.